| 000 | 01392cam a2200301 a 4500 | ||
|---|---|---|---|
| 001 | reportonsafetywh00grea | ||
| 003 | CaSfIA | ||
| 005 | 20210118214901.0 | ||
| 007 | cr|||| | ||
| 008 | 860806s1986 enk b f000 0 eng | ||
| 035 | _9(DLC) 86191598 | ||
| 856 | 4 | 1 |
_uhttp://www.archive.org/details/reportonsafetywh00grea _zFree eBook from the Internet Archive |
| 856 | 4 | 2 |
_uhttp://www.openlibrary.org/books/OL2312311M _zAdditional information and access via Open Library |
| 010 | _a 86191598 | ||
| 020 |
_a0113210590 (pbk.) : _c£4.50 |
||
| 040 |
_aDLC _cDLC _dDLC _dCaSfIA |
||
| 050 | 0 | 0 |
_aRA601 _b.G68 1986 |
| 110 | 1 |
_aGreat Britain. _bAdvisory Committee on Irradiated and Novel Foods. |
|
| 245 | 1 | 0 |
_aReport on the safety and wholesomeness of irradiated foods / _h[electronic resource] _cby the Advisory Committee on Irradiated and Novel Foods. |
| 260 |
_aLondon : _bHMSO, _c1986. |
||
| 300 |
_a53 p. ; _c30 cm. |
||
| 504 | _aBibliography: p. 49-52. | ||
| 650 | 0 |
_aIrradiated foods _xHealth aspects. |
|
| 650 | 0 | _aIrradiated foods. | |
| 942 | _cEB | ||
| 506 | _fНеобхідна авторизація на https://archive.org/ (створення облікового запису безкоштовно) | ||
| 506 | _fНеобхідна авторизація на https://openlibrary.org/ (створення облікового запису безкоштовно) | ||
| 999 |
_c543141 _d543141 |
||